000
00271nam a2200109Ia 4500
008
220204s9999 xx 000 0 und d
082
_a
82-3
_b
CHR
100
_a
Christie, Agatha
245
0
_a
They do it with mirrors
260
_a
Great Britain
_b
Fontana
_c
1978
942
_c
BK
999
_c
34045
_d
34045